000 00466nam a2200181Ia 4500
008 240925s9999 xx 000 0 und d
020 _a9789350142974
082 _a621.36 DAS
100 _aDas, Satyajit
245 0 _aOptical Instrument
250 _aNA
260 _aNew Delhi:
_bS.K. Kartaria and sons
_c,2014.
300 _axviii,1136p.
_b0
_fOriginal
500 _aIncludes Index
600 _aElectronic Engineering
650 _aTechnology
942 _cBK
999 _c12792
_d12792